Odvodová a daňová povinnosť malých a stredných podnikateľov s platnosťou od roku 2013 - zmeny a perspektívy diplomová práca

Salvato in:
Dettagli Bibliografici
Autore principale: Kiss, Gergely
Ente Autore: Obchodná fakulta EU. Katedra služieb a cestovného ruchu - zrušené
Altri autori: Strážovská, Helena
Natura: Libro
Lingua:slovacco
Pubblicazione: Bratislava 2014
Tags: Aggiungi Tag
Nessun Tag, puoi essere il primo ad aggiungerne!!

MARC

LEADER 00000nbm a2200000 4500
001 0186220
005 20170201095505.1
041 0 |a slo 
044 |a SK 
245 1 0 |a Odvodová a daňová povinnosť malých a stredných podnikateľov s platnosťou od roku 2013 - zmeny a perspektívy  |b diplomová práca  |c Gergely Kiss ; školiteľ: Helena Strážovská 
264 1 |a Bratislava  |c 2014 
300 |a 77 s. 
100 1 |a Kiss, Gergely 
700 1 |a Strážovská, Helena 
710 2 |a Obchodná fakulta EU. Katedra služieb a cestovného ruchu - zrušené